Quizzes
Events
Quiz Creation
Community
Videos
Private Events
Remove Ads
Sign In
Join for FREE
Feedback
Dark Mode
Quiz Categories
Sports
Geography
Music
Movies
Television
Just For Fun
Miscellaneous
History
Literature
Language
Science
Gaming
Entertainment
Religion
Holiday
For Kids
Quiz Lab
Recent
Popular Today
Quiz Kudos Today
Editor Picks
Curator Picks
Quizzes by...
Day
Popularity
Type
Ratings
Length
Year
Community
Subscriptions
Recent Discussions
Orange Saloon
Badges
Playlists
Quests
Create
Leaderboards
Showdown
Live 5
Trivia Bingo
Activity
Puzzle Library
Sporcle Events
Private Events
Virtual Trivia
Globe League
Become a Host
Pub Owners
SporcleCon
Opinionation
Our Games
Videos
Blog
Mobile Apps
Partnerships
Remove Ads and Go Orange
Feedback
Gaming
Video Games
Board Games
Card Games
Pokémon
Mario
Nintendo
Minecraft
Console
Toys
Legend of Zelda
Gaming
Video Games
Board Games
Card Games
Pokémon
Mario
Nintendo
Minecraft
Console
Toys
Legend of Zelda
Random Quiz
Search Sporcle
×
Quiz Lab
Quiz Lab
Gaming
Mario
Type in answers that appear in a list
Type in answers that appear in a list
Classic
Best Score? Go Orange.
Mario Kart 7 Courses Stats
Can you name the Mario Kart 7 courses?
By
Actionfighter
10m
38 Questions
80 Plays
80 Plays
80 Plays
Comments
Comments
Give Quiz Kudos
Give Quiz Kudos
-
- Ratings
hide this ad
Replay
Link that replays current quiz
Next Quiz
Link to next quiz in quiz playlist
You Got
0%
They Got
Avg Score
58%
Avg Friend Score
Upgrade to see
Score Distribution
Jump to the score distribution portion of the page
Score
0/38
Timer
10:00
0
Plays Today
Cup
Course
% Correct
Special
Rainbow Road
80%
Lightning
(SNES) Rainbow Road
80%
Flower
Mario Circuit
78.8%
Mushroom
Toad Circuit
77.5%
Special
Bowser's Castle
76.3%
Mushroom
Daisy Hills
70%
Flower
Wuhu Island Loop
67.5%
Leaf
(Wii) Maple Treeway
67.5%
Mushroom
Shy Guy Bazaar
66.3%
Mushroom
Cheep Cheep Cape
65%
Star
Wuhu Mountain Loop
65%
Banana
(Wii) Coconut Mall
65%
Special
Rosalina's Ice World
63.8%
Shell
(N64) Luigi Raceway
63.8%
Shell
(Wii) Mushroom Gorge
61.3%
Banana
(N64) Koopa Troopa Beach
61.3%
Flower
Melody Motorway
60%
Star
Koopa City
60%
Special
DK Jungle
60%
Cup
Course
% Correct
Banana
(DS) Waluigi Pinball
60%
Leaf
(DS) DK Pass
60%
Lightning
(Wii) Koopa Cape
58.8%
Lightning
(DS) Airship Fortress
57.5%
Star
Wario's Galleon
56.3%
Shell
(DS) Luigi's Mansion
56.3%
Lightning
(GCN) Dino Dino Jungle
56.3%
Flower
Alpine Pass
55%
Leaf
(GCN) Daisy Cruiser
53.8%
Banana
(SNES) Mario Circuit 2
52.5%
Leaf
(N64) Kalimari Desert
52.5%
Star
Piranha Plant Pipeway
47.5%
Battle (new)
Wuhu Town
45%
Shell
(GBA) Bowser Castle 1
43.8%
Battle (retro)
(N64) Big Donut
43.8%
Battle (retro)
(DS) Palm Shore
40%
Battle (retro)
(GBA) Battle Course 1
38.8%
Battle (new)
Honeybee House
33.8%
Battle (new)
Sherbet Rink
32.5%
Quiz Playlist
Details
Report
Send in Message
Add To Playlist
Classic:
Type in answers that appear in a list
Last Updated: Feb 16, 2017
Quiz Scoreboard
CHALLENGE
Sign Up to Join the Scoreboard
Show All
Scores
Hide
Comments
May contain spoilers
Recently Published
Movies - When Are They Set?
by FPL_Elf
Movies
5m
Popular People in 1961
by mucciniale
History
6m
1-10 Letter E Words III
by El_Dandy
Language
2m
More to Explore
Quiz From the Vault
Featured Blog Post
Where Did the Easter Bunny Come From?
hide this ad
You Might Also Like...
Tags
Mario Quiz
course
cup
kart
Mario Kart
Today's Top Quizzes in Gaming
Browse Gaming
hide this ad
Today's Top Quizzes in Mario
Browse Mario
Top Contributed Quizzes in Gaming
1
Destiny 2 exotic weapons by perk icons
2
Ultimate Genshin Impact Logic Puzzle (up to 4.3)
3
5-to-1: Consoles
4
Genshin Impact Logic Puzzle Quiz
5
Franchise by Action Figure
6
Who's on the WWE 2K24 Cover?
7
Windmill: Pokémon
8
Legendary or Exotic?
9
Overwatch 2: Ultimate Ability Icons
10
5-to-1: Legend of Zelda
Explore More
Trending Topics
Harry Potter
Kpop
Marvel
Anime
Crossword
Disney
NBA
Puzzle
The Office
Soccer
Song
Country
NFL
Pokémon
WWE
hide this ad
More By:
Actionfighter
Quiz
Plays
Rating
Category
Featured
Created
Waluigi Games
1,170
3.33
Gaming
Jan 5, 2012
Video Games by Japanese Box Art II
220
3.60
Gaming
Jan 16, 2013
Xenoblade Chronicles - Landmarks/Secret Areas
213
5.00
Gaming
Feb 9, 2012
Video Games by Back Cover
134
4.17
Gaming
Jan 10, 2013
Mario & Sonic at the London 2012 Olympic Games events
108
Gaming
Sep 19, 2012
Go to Creator's Profile
Score Distribution
Quiz Creator Spotlight
Actionfighter
Follow
Send a Message
Quizzes Created
-
Created Quiz Play Count
-
More By This Creator
Popular Quizzes Today
1
Find the Countries of Europe - No Outlines Minefield
2
Find the US States - No Outlines Minefield
3
The Countries of the World
4
Popular People in 1961
5
US States
6
1-10 Letter E Words III
7
Find the US States
8
One Thing in Common: World Cities II
More Gaming Quizzes
Scrabble: Famous Foursomes
Editor's Pick
Trending Quizzes
Risky Map Clicking: Least Populous States A-Z
1-10 Letter F Words
1-10 Letter G Words
One Thing in Common: United Kingdom
Risky Map Clicking: Next State Alphabetically
Recently Updated
Leaping Animals
pecheneg
Reality TV Shows (A-Z)
bhenderson79
Rickey Henderson's Hall of Fame Teammates
pecheneg
Champions League XIs: Arsenal
pecheneg
Quick Pick: Celebrities in WWE's Hall of Fame
aduchscher
A-Z Keypad Blitz II
pecheneg
Multiple Oscar Actors
pecheneg
Mystery Phrase Blitz: Oscar 'Best Actors'
pecheneg
F. Scott Fitzgerald Novels
LTH
Pick 3 Villains
ddd62291
Trending Topics
NBA
Kpop
Crossword
Marvel
Disney
Anime
Harry Potter
Pokémon
Country
The Office
WWE
Song
Soccer
Puzzle
NFL
Your Account Isn't Verified!
In order to create a playlist on Sporcle, you need to verify the email address you used during registration. Go to your
Sporcle Settings
to finish the process.
Report this User
Report this user for behavior that violates our
Community Guidelines
.
Details:
Send Report
Go to the Sporcle.com Mobile Site →
Comments